[Event "Bezirksliga Oberbayern 1819"]
[Site "Bayern"]
[Date "2018.10.21"]
[Round "1.8"]
[White "Garbe, Martin"]
[Black "Gawlik, Martin"]
[Result "1-0"]
[WhiteElo "1658"]
[BlackElo "1892"]
[PlyCount "84"]
[EventDate "2018.10.21"]
[EventType "team-tourn"]
[EventRounds "9"]
[EventCountry "GER"]
[SourceTitle "EXT 2022"]
[Source "ChessBase"]
[SourceDate "2021.10.06"]
[SourceVersion "1"]
[SourceVersionDate "2021.10.06"]
[SourceQuality "1"]
[WhiteTeam "Germering II"]
[BlackTeam "Germering"]
[WhiteTeamCountry "GER"]
[BlackTeamCountry "GER"]

1. e4 d6 2. d4 Nf6 3. Bd3 e5 4. d5 Be7 5. Ne2 0-0 6. 0-0 c6 7. c4 Na6 8. Nbc3 Nc5 9. h3 Nxd3 10. Qxd3 Nh5 11. b4 f5 12. dxc6 bxc6 13. b5 Qc7 14. Qf3 g6 15. exf5 Bb7 16. Qd3 gxf5 17. bxc6 Bxc6 18. Nd5 Bxd5 19. Qxd5+ Kg7 20. Bb2 Nf6 21. Qe6 Rae8 22. Qxf5 Qxc4 23. Qg5+ Kh8 24. Ng3 Nd5 25. Qd2 Nf4 26. Rac1 Qe6 27. Rc7 Bg5 28. Qc2 Re7 29. Ba3 Bh4 30. Rxe7 Bxe7 31. Qc7 Qd5 32. f3 Qd4+ 33. Kh2 Ng6 34. Ne4 Qd3 35. Bxd6 Qxf1 36. Bxe7 Nxe7 37. Qxe5+ Kg8 38. Qxe7 Qa1 39. Ng5 Qh8 40. Ne6 Qf6 41. Qxf8+ Qxf8 42. Nxf8 Kxf8 1-0